| 000 | 01193nam a22002057a 4500 | ||
|---|---|---|---|
| 005 | 20220113092409.0 | ||
| 008 | 220113b ||||| |||| 00| 0 eng d | ||
| 020 | _a9781529061727 | ||
| 040 | _cAL | ||
| 041 | _aEnglish | ||
| 082 |
_a23 _28136.6 _bBALM |
||
| 100 |
_aDavid Baldacci _913023 |
||
| 245 | _aMercy | ||
| 260 |
_aUSA _bMacmillan _c2021 |
||
| 300 |
_a404p _bPB _c23X15cm. |
||
| 365 |
_2General _a4477 _b507 _c₹ _d650 _e22% _f18-12-2021 |
||
| 500 | _aFBI agent Atlee Pine is at the end of her long journey to discover what happened to her twin sister, Mercy, who was abducted when the girls were just six years old – an incident which destroyed her family and left Atlee physically and mentally scarred. She knew her sister and parents were out there somewhere. And she had to find them. Dead or alive. Atlee and her assistant, Carol Blum, discover the truth. But the truth hurts. And hurt makes you tough. So how tough do you have to be to forgive? As they uncover a shocking trail of lies, greed, fear and revenge, they must face one final challenge. A challenge more deadly and dangerous than they could ever have imagined. | ||
| 650 | _2Literature | ||
| 942 |
_2ddc _cBK |
||
| 999 |
_c221162 _d221162 |
||